000 00590cam a22002054a 4500
001 12159055
005 20250124111231.0
008 000830s2001 enk b 001 0 eng
020 _a0582418550
050 0 0 _aHM585
_b.B87 2001
082 0 0 _a301
_221
245 0 0 _aDevelopments in sociology /
_cedited by Robert G. Burgess and Anne Murcott.
260 _aHarlow, England ;
_aNew York :
_bPrentice Hall,
_c2001.
300 _axvi, 334 p. ;
_c24 cm.
440 0 _aNew sociologies
650 0 _aSociology.
700 1 _aBurgess, Robert G.
700 1 _aMurcott, Anne.
942 _2lcc
_cBK
_n0
999 _c2984
_d2984